000 00465nam a22001697a 4500
005 20251108170904.0
008 250721s1996 xx 000 0 ara d
082 1 4 _a818/حلب
100 1 _aالحلبي، ابن حبيب
245 1 0 _aنسيم الصبا /
264 1 _aبيروت :
_bدار المواسم،
_c1996.
300 _a200ص.
650 1 7 _aالأدب العربي
700 1 _aعاصي، حسن
_eمحقق
942 _2ddc
_cBK
999 _c51388
_d51388